Lambert Smith Hampton (Record no. 82499)

MARC details
000 -LEADER
fixed length control field 01186cad a22001935a 4500
001 - CONTROL NUMBER
control field L150419
008 - FIXED-LENGTH DATA ELEMENTS--GENERAL INFORMATION
fixed length control field 100712e2010 xxk 000 0 eng d
035 ## - SYSTEM CONTROL NUMBER
System control number (Sirsi) u150419
041 0# - LANGUAGE CODE
Language code of text/sound track or separate title eng
110 2# - MAIN ENTRY--CORPORATE NAME
Corporate name or jurisdiction name as entry element Lambert Smith Hampton
9 (RLIN) 2865
245 00 - TITLE STATEMENT
Title Lambert Smith Hampton
Remainder of title Viewpoint: the logistics and industrial market in figures 1 July 2010
Medium [electronic resource]
260 ## - PUBLICATION, DISTRIBUTION, ETC.
Place of publication, distribution, etc. [S.I.]
Name of publisher, distributor, etc. LSH
Date of publication, distribution, etc. 2010
520 ## - SUMMARY, ETC.
Summary, etc. Highlights some of the most interesting developments to take place in the industrial sector during 2009 and the first half of 2010. On average, warehouse and industrial rental values fell by -4.5% during 2009.The distribution market decline was larger than that in the industrial sector with rental values falling by -5.3%. This fall in rental values is expected to continue through to mid/late 2011 although the pace of decline will ease and it is anticipated that during the current downturn rental values will fall by -8.5%.
590 ## - LOCAL NOTE (RLIN)
Local note KA
651 #4 - SUBJECT ADDED ENTRY--GEOGRAPHIC NAME
Geographic name United Kingdom
Chronological subdivision
690 ## - LOCAL SUBJECT ADDED ENTRY--TOPICAL TERM (OCLC, RLIN)
Topical term or geographic name as entry element PROPERTY-COMMERCIAL PROPERTY-COMMERCIAL PROPERTY MARKET
856 48 - ELECTRONIC LOCATION AND ACCESS
Uniform Resource Identifier <a href="https://www.lsh.co.uk/pages/views_list.asp">https://www.lsh.co.uk/pages/views_list.asp</a>
Public note View the article free of charge at www.lsh .co.uk
942 ## - ADDED ENTRY ELEMENTS (KOHA)
Suppress in OPAC 0
Holdings
Withdrawn status Lost status Source of classification or shelving scheme Damaged status Not for loan Home library Current library Shelving location Date acquired Total Checkouts Full call number Barcode Date last seen Copy number Price effective from Koha item type
    Dewey Decimal Classification     Virtual Virtual Online 12/07/2010   ONLINE PUBLICATION 150419-2001 06/08/2019 1 06/08/2019 Journal article